01589nam a2200373 a 4500001001200000003000800012006001900020007001500039008004100054010001700095020003100112020002700143040002100170035002100191050002400212082001600236245017900252260004400431300002500475504004100500505013100541533015200672650003900824650004100863650003200904655002900936700002700965700002800992700001901020710001601039710001701055856012601072999001701198ebr10556452CaPaEBRm u cr cn|||||||||120322s2012 dcua sb 000 0 eng d z 2012011907 z9780821387771 (alk. paper) z9780821395059 (e-book) aCaPaEBRcCaPaEBR a(OCoLC)79268556414aJF1351b.L66 2012eb04a352.8/822300aBuilding better policiesh[electronic resource] :bthe nuts and bolts of monitoring and evaluation systems /cGladys Lopez-Acevedo, Philipp Krause, and Keith Mackay, editors. aWashington, D.C. :bWorld Bank,cc2012. axxii, 225 p. :bill. aIncludes bibliographical references.0 apt. 1. Framework and principles of M&E systems -- pt. 2. Components and tools of M&E systems -- pt. 3. M&E systems in context. aElectronic reproduction.bPalo Alto, Calif. :cebrary,d2011.nAvailable via World Wide Web.nAccess may be limited to ebrary affiliated libraries. 0aPublic administrationxEvaluation. 0aAdministrative agenciesxEvaluation. 0aHuman servicesxEvaluation. 7aElectronic books.2local1 aLopez Acevedo, Gladys.1 aKrause, Philipp,d1978-1 aMackay, Keith.2 aWorld Bank.2 aebrary, Inc.40uhttp://site.ebrary.com/lib/rucke/Doc?id=10556452zAn electronic book accessible through the World Wide Web; click to view c89726d89726